000 00609nam a22001937a 4500
999 _c179162
_d179162
005 20210527153216.0
010 _aUR-11124
020 _c112.00
_a9789390579020
035 _aU-9679
037 _bDBAD/PUB
082 _a844
100 _aمحمد سميع ا لد ين
245 _aسو غا ت ا د ب
_cمحمد سميع ا لد ين
246 _aSoghat-e-Adab (Urdu)
_bby Mohd. Samiuddin
260 _aN.D.
_c2020 ء
_bApplied Books
270 _a1739/10,Pataudi House Darya ganj,
_bNew Delhi
_e110002
_l-
300 _a172 ص
_c22 Cm(Hb)
942 _2ddc
_cUR
_h844
_mم ح م